ARRUPE JESUIT UNIVERSITY

CORONAVIRUS -STOP THE SPREAD - CLEAN,DISINFECT,COVER

Die Bibel (Record no. 124321)

MARC details
000 -LEADER
fixed length control field 00369nam a22001337a 4500
005 - DATE AND TIME OF LATEST TRANSACTION
control field 20160307152853.0
008 - FIXED-LENGTH DATA ELEMENTS--GENERAL INFORMATION
fixed length control field 160307b xxu||||| |||| 00| 0 eng d
050 ## - LIBRARY OF CONGRESS CALL NUMBER
Classification number BS237. 1980
100 ## - MAIN ENTRY--PERSONAL NAME
Personal name Bible. German. 1980
9 (RLIN) 22779
245 ## - TITLE STATEMENT
Title Die Bibel
Statement of responsibility, etc by Bible. German. 1980
260 ## - PUBLICATION, DISTRIBUTION, ETC. (IMPRINT)
Place of publication, distribution, etc Freiburg
Name of publisher, distributor, etc Herder
Date of publication, distribution, etc 1980
300 ## - PHYSICAL DESCRIPTION
Extent xi, 1459p.;
Dimensions 21cm.
942 ## - ADDED ENTRY ELEMENTS (KOHA)
Source of classification or shelving scheme Library of Congress Classification
Item type Monograph ( Printed materials)
Holdings
Withdrawn status Lost status Source of classification or shelving scheme Damaged status Not for loan Collection code Home library Current library Shelving location Date acquired Total Checkouts Full call number Barcode Date last seen Price effective from Koha item type
    Library of Congress Classification     Main Collection ARRUPE LIBRARY ARRUPE LIBRARY Main Collection 07/03/2016   BS237. 1980 46500006313 07/12/2016 07/03/2016 Monograph ( Printed materials)

 

Arrupe Library. PO Box MP320 Mt Pleasant, Harare, Zimbabwe
263 242 745411|librarian@aju.ac.zw